MARC

LEADER 00000nam0a2200000 4500
001 34817
005 20231030231519.0
010 |a 5283015432 
035 |a (RuTPU)RU\TPU\book\35226 
035 |a BOOK00001878 
090 |a 34817 
100 |a 20011210d1990 k y0rusy50 ca 
101 0 |a rus 
102 |a RU 
105 |a y z 000zy 
200 1 |a Проектирование цифровых устройств на однокристальных микроконтроллерах  |f В. В. Сташин, А. В. Урусов, О. Ф. Мологонцева 
210 |a Москва  |c Энергоатомиздат  |d 1990 
215 |a 224 с. 
610 1 |a электроника 
610 1 |a микропроцессорная техника 
610 1 |a компьютеры 
610 1 |a однокристальные микроконтроллеры 
610 1 |a цифровые устройства 
610 1 |a проектирование 
610 1 |a структуры 
610 1 |a программы 
610 1 |a примеры 
675 |a 681.325.5  |v 3 
700 1 |a Сташин  |b В. В.  |g Владислав Викторович 
701 1 |a Урусов  |b А. В.  |g Андрей Владимирович 
701 1 |a Мологонцева  |b О. Ф.  |g Ольга Федоровна 
801 0 |a RU  |b 63413507  |c 20011210  |g PSBO 
801 2 |a RU  |b 63413507  |c 20140305  |g PSBO 
900 |a Аппаратные и программные средства встраиваемых компьютеров, микроконтроллер 
900 |a Управление процессами с помощью ЭВМ 
900 |a Микропроцессорные системы 
900 |a Электроника и микропроцессорная техника 
900 |a Основы микропроцессорной техники 
900 |a Дискретные устройства и микропроцессоры 
900 |a Цифровые системы управления 
900 |a Микропроцессорные системы в нефтегазодобыче 
900 |a Микропроцессорные системы в электротехнических устройствах 
900 |a Вычислительные средства в ИИТ 
942 |c BK